[Event "Naantali Avoin op"]
[Site "Naantali"]
[Date "2017.07.06"]
[Round "5"]
[White "Tuominen, Kari"]
[Black "Stockfelt, Jesse"]
[Result "1-0"]
[WhiteElo "1717"]
[BlackElo "1491"]
[PlyCount "65"]
[EventDate "2017.07.03"]
[EventType "swiss"]
[EventRounds "7"]
[EventCountry "FIN"]
[SourceTitle "EXT 2018"]
[Source "ChessBase"]
[SourceDate "2017.10.13"]
[SourceVersion "1"]
[SourceVersionDate "2017.10.13"]
[SourceQuality "1"]

1. e4 e6 2. Nf3 d5 3. exd5 exd5 4. d4 Bd6 5. Be3 Nf6 6. h3 0-0 7. c3 Nbd7 8. Bd3 Ne4 9. Nbd2 f5 10. g3 Ndf6 11. Qc2 Qe7 12. 0-0-0 a6 13. Rde1 b5 14. Bf4 Bxf4 15. gxf4 Qd6 16. Ne5 Nxf2 17. Rhg1 Nxd3+ 18. Qxd3 Ne4 19. Rg2 Be6 20. Reg1 g6 21. h4 b4 22. Nxe4 fxe4 23. Qg3 Bf5 24. h5 bxc3 25. Qxc3 Rf6 26. hxg6 hxg6 27. Rg5 Qe6 28. Qg3 Kg7 29. Qc3 c5 30. dxc5 Rd8 31. Qd4 Rc8 32. b4 Rh8 33. Nxg6 1-0

[Event "Naantali Avoin op"]
[Site "Naantali"]
[Date "2017.07.05"]
[Round "4"]
[White "Heikkila, Antti"]
[Black "Tuominen, Kari"]
[Result "1-0"]
[WhiteElo "1842"]
[BlackElo "1717"]
[PlyCount "68"]
[EventDate "2017.07.03"]
[EventType "swiss"]
[EventRounds "7"]
[EventCountry "FIN"]
[SourceTitle "EXT 2018"]
[Source "ChessBase"]
[SourceDate "2017.10.13"]
[SourceVersion "1"]
[SourceVersionDate "2017.10.13"]
[SourceQuality "1"]

1. c4 e6 2. g3 c6 3. Bg2 Nf6 4. e4 e5 5. Nc3 Qc7 6. d4 d6 7. Nge2 Be7 8. 0-0 0-0 9. h3 Nbd7 10. Be3 b6 11. Rc1 Bb7 12. g4 exd4 13. Nxd4 Ne5 14. b3 Bc8 15. g5 Ne8 16. f4 Ng6 17. Nf5 f6 18. Qg4 fxg5 19. fxg5 Ne5 20. Qg3 Bxf5 21. exf5 Kh8 22. Ne4 Qd8 23. Rcd1 Qc7 24. h4 Rg8 25. Qh3 Qd8 26. Bd4 Qc7 27. Bxe5 dxe5 28. f6 gxf6 29. Rd7 Qc8 30. Rxe7 Qxh3 31. Bxh3 fxg5 32. Nxg5 Nf6 33. Rxf6 Rxg5+ 34. hxg5 Rg8 1-0

[Event "Naantali Avoin op"]
[Site "Naantali"]
[Date "2017.07.04"]
[Round "2"]
[White "Tuominen, Kari"]
[Black "Lyly, Seppo"]
[Result "0-1"]
[WhiteElo "1717"]
[BlackElo "1912"]
[PlyCount "66"]
[EventDate "2017.07.03"]
[EventType "swiss"]
[EventRounds "7"]
[EventCountry "FIN"]
[SourceTitle "EXT 2018"]
[Source "ChessBase"]
[SourceDate "2017.10.13"]
[SourceVersion "1"]
[SourceVersionDate "2017.10.13"]
[SourceQuality "1"]

1. e4 e5 2. Nf3 Nc6 3. a3 Nf6 4. Nc3 Bc5 5. h3 0-0 6. d3 h6 7. g4 Be7 8. g5 hxg5 9. Nxg5 d5 10. Bg2 dxe4 11. Bxe4 Nxe4 12. Ncxe4 Bf5 13. Qh5 Bg6 14. Qh4 Nd4 15. Kf1 f6 16. Rg1 fxg5 17. Bxg5 Bxg5 18. Qxg5 Qxg5 19. Nxg5 Rf6 20. Re1 Re8 21. Ne4 Bxe4 22. Rxe4 Nf3 23. Rb4 Nxg1 24. Kxg1 b6 25. Ra4 a5 26. Rc4 c5 27. b4 cxb4 28. axb4 Ref8 29. bxa5 bxa5 30. Rc5 Ra6 31. Rc3 a4 32. Ra3 Rc8 33. c3 Rb8 0-1

[Event "Naantali op"]
[Site "Naantali"]
[Date "2015.07.01"]
[Round "4"]
[White "Louhi, Tapio"]
[Black "Tuominen, Kari"]
[Result "0-1"]
[WhiteElo "1770"]
[BlackElo "1744"]
[PlyCount "142"]
[EventDate "2015.06.29"]
[EventType "swiss"]
[EventRounds "9"]
[EventCountry "FIN"]
[SourceTitle "EXT 2016"]
[Source "ChessBase"]
[SourceDate "2015.10.08"]
[SourceVersion "1"]
[SourceVersionDate "2015.10.08"]
[SourceQuality "1"]

1. Nf3 g6 2. e4 Bg7 3. e5 d6 4. d4 Bg4 5. Bf4 d5 6. h3 Bd7 7. Nc3 c6 8. Be2 b5 9. b4 f6 10. exf6 exf6 11. Bd6 Be6 12. Bc5 Nd7 13. 0-0 Nxc5 14. dxc5 Ne7 15. Nd4 Bd7 16. a4 a6 17. axb5 axb5 18. Rxa8 Qxa8 19. Bf3 0-0 20. Re1 Nf5 21. Ndxb5 Kh8 22. Nd4 Nxd4 23. Qxd4 f5 24. Qd2 Re8 25. Rxe8+ Qxe8 26. Ne2 Qe5 27. c3 Kg8 28. Qe3 Qb8 29. Qe7 Qc8 30. Nd4 Bxd4 31. cxd4 Be6 32. Qa7 Bf7 33. Qb6 g5 34. b5 g4 35. bxc6 gxf3 36. c7 fxg2 37. Qb8 Be6 38. Kxg2 Kf7 39. Qb6 f4 40. Qd6 Bxh3+ 41. Kh2 Qf5 42. c8Q Qxc8 43. Qxd5+ Qe6 44. Qh5+ Qg6 45. Qxh3 Qe4 46. Qh5+ Kf8 47. Qe5 Qf3 48. Qf6+ Kg8 49. Qd8+ Kf7 50. Qd7+ Kf8 51. Qf5+ Kg8 52. Qc2 Qh5+ 53. Kg1 Qg4+ 54. Kf1 f3 55. Qa2+ Kf8 56. Qa8+ Kf7 57. Qd5+ Kf8 58. c6 Qg2+ 59. Ke1 Qg1+ 60. Kd2 Qxf2+ 61. Kc3 Qe3+ 62. Kb4 Qd2+ 63. Kc5 Qa5+ 64. Kd6 Qxd5+ 65. Kxd5 Ke7 66. Kc5 f2 67. d5 f1Q 68. d6+ Kd8 69. Kb6 Qf2+ 70. Kb7 Qb2+ 71. Ka6 Qa3+ 0-1

[Event "FIN-chT1A 1415"]
[Site "Finland"]
[Date "2014.10.18"]
[Round "2.8"]
[White "Hellstrom, Jarkko"]
[Black "Tuominen, Kari"]
[Result "1/2-1/2"]
[WhiteElo "1748"]
[BlackElo "1748"]
[PlyCount "77"]
[EventDate "2014.09.27"]
[EventType "team-tourn"]
[EventRounds "7"]
[EventCountry "FIN"]
[SourceTitle "EXT 2017"]
[Source "ChessBase"]
[SourceDate "2016.10.25"]
[SourceVersion "1"]
[SourceVersionDate "2016.10.25"]
[SourceQuality "1"]
[WhiteTeam "Loimaa SK"]
[BlackTeam "Turku TuTS II"]
[WhiteTeamCountry "FIN"]
[BlackTeamCountry "FIN"]

1. d4 c6 2. Nf3 d5 3. Bf4 Nf6 4. e3 Bf5 5. c4 dxc4 6. Bxc4 e6 7. Nc3 Bb4 8. 0-0 0-0 9. Qb3 Qe7 10. Bg5 b5 11. Be2 Bxc3 12. Qxc3 h6 13. Bxf6 gxf6 14. b4 Qb7 15. Rac1 Kg7 16. Nd2 a5 17. a3 axb4 18. axb4 Na6 19. Nb3 Qe7 20. Nc5 Nxc5 21. Qxc5 Qxc5 22. Rxc5 Ra4 23. Rxc6 Rxb4 24. Rc5 Rb8 25. f3 Rb2 26. Re1 Bc2 27. Rc1 Ba4 28. Bd3 Rd2 29. Bc2 Bxc2 30. R5xc2 Rxc2 31. Rxc2 b4 32. e4 b3 33. Rb2 Rb4 34. Kf2 Rxd4 35. Rxb3 e5 36. g4 Rd2+ 37. Kg3 Rd1 38. Rb2 Kg6 39. Rg2 1/2-1/2